00437nam a2200157Ia 4500008004100000020001300041040001900054041001200073082002200085100002300107245006300130260002900193300002100222650002000243850001600263131103s9999 xx 000 0 und d a91478707 aLoreto College aEnglish aF/FORbLCBED/9258 aForsyth, Frederick aNo comebacksb collected short stories cFrederick Forsyth aLondonbHutchinsonc1982 a256 p. c 18 cm. aEnglish fiction aLCBED/F/FOR